|
|
|
|
| LEADER |
00000cam a2200000 a 4500 |
| 001 |
vtls010347378 |
| 003 |
SK-MaSNL |
| 005 |
20260301173541.0 |
| 007 |
fb a un a |
| 008 |
240315s2012 xo ff 000 f slo |
| 015 |
|
|
|a SNBK2012/03-02059
|
| 020 |
|
|
|a 9788018006368
|
| 040 |
|
|
|a SNK
|b slo
|c SNK
|e AACR2
|
| 041 |
0 |
|
|a slo
|
| 044 |
|
|
|a xo
|c SK
|
| 072 |
|
7 |
|a 821.162.4-3
|x Slovenská próza
|2 konspekt
|
| 080 |
|
|
|a 821.162.4-31
|2 2001
|
| 080 |
|
|
|a (0:82-31)
|2 2001
|
| 080 |
|
|
|a (0:003.24)
|2 2001
|
| 100 |
1 |
|
|a Alexová, Gabriela,
|d 1975-
|4 aut
|9 410283
|
| 245 |
1 |
0 |
|a Trojka
|h Braillovo písmo
|c Gabriela Alexová
|
| 250 |
|
|
|a [1. vyd.]
|
| 260 |
|
|
|a Levoča
|b Slovenská knižnica pre nevidiacich Mateja Hrebendu
|c 2012
|
| 300 |
|
|
|a 3 zv. v Braillovom písme
|c 26 x 32 cm
|
| 520 |
|
|
|a Román ponúka tri autentické príbehy troch priateliek - Doroty, Hany a Lujzy - zachytené troma rôznymi spôsobmi
|
| 655 |
|
7 |
|a publikácie pre nevidiacich
|2 SNKPH
|9 70695
|
| 655 |
|
7 |
|a publikácie v Braillovom písme
|2 SNKPH
|9 222610
|
| 655 |
|
7 |
|a slovenské romány
|2 SNKPH
|9 70324
|
| 919 |
|
|
|a 978-80-18-00636-8
|
| 958 |
|
|
|a SX
|
| 958 |
|
|
|a LX
|
| 968 |
|
|
|d 821
|
| 999 |
|
|
|c 837005
|d 838935
|
| 952 |
|
|
|a SNK
|b SNK
|y PREZ
|7 0
|p 17A1017490
|o snkOSB 16697/1
|i snk2012/12846
|8 0
|0 0
|1 0
|4 0
|d 2012-06-29
|l 0
|r 2026-02-24 03:57:57
|w 2026-02-24
|
| 952 |
|
|
|a SNK
|b SNK
|y PREZ
|7 0
|p 17A1017491
|o snkOSB 16697/2
|i snk2012/12847
|8 0
|0 0
|1 0
|4 0
|d 2012-06-29
|l 0
|r 2026-02-24 03:57:57
|w 2026-02-24
|
| 952 |
|
|
|a SNK
|b SNK
|y PREZ
|7 0
|p 17A1017492
|o snkOSB 16697/3
|i snk2012/12848
|8 0
|0 0
|1 0
|4 0
|d 2012-06-29
|l 0
|r 2026-02-24 03:57:57
|w 2026-02-24
|